000 nam a22 7a 4500
999 _c10402
_d10402
008 180216b ||||| |||| 00| 0 eng d
100 _aReaders Digest
_92541
245 _aTraditional Wisdom Re-discovered
260 _aLondon
_bReaders Digest